| 000 | 00526nmm a2200193Ia 4500 | ||
|---|---|---|---|
| 008 | 251105s9999||||xx |||||||||||||||||und|| | ||
| 020 | _a9788416396184 | ||
| 041 | _aspa | ||
| 100 | _aSoto Ivars, Juan | ||
| 245 | 0 | _a¡Prohibida la ducha! | |
| 264 |
_a[Madrid, España] : _bSiruela, _c2015 |
||
| 300 | _a97 páginas | ||
| 490 | _aLas tres edades | ||
| 650 | _aAges 9-12 Years Old | ||
| 700 | _aSoto Ivars, Juan | ||
| 700 | 1 | _a Serrano, María | |
| 856 | _uhttps://public.digitaliapublishing.com/a/44713 | ||
| 942 | _cCF | ||
| 999 |
_c71635 _d71635 |
||